Sin portada (Record no. 8547)

MARC details
000 -CABECERA
campo de control de longitud fija 00467nam a2200169 a 4500
001 - NÚMERO DE CONTROL
campo de control BRCA_8896
005 - FECHA Y HORA DE LA ÚLTIMA TRANSACCIÓN
campo de control 20190320210441.0
008 - DATOS DE LONGITUD FIJA--INFORMACIÓN GENERAL
campo de control de longitud fija 160617s1749----sp-#######---#000-0#spa-#
041 ## - CÓDIGO DE LENGUA
Código de lengua del texto/banda sonora o título independiente spa
084 ## - OTRO NÚMERO DE CLASIFICACIÓN
Número de clasificación CO59
Número de documento/Ítem .1749
100 1# - ENTRADA PRINCIPAL--NOMBRE DE PERSONA
Nombre de persona N/A
9 (RLIN) 21678
245 10 - MENCIÓN DE TÍTULO
Título Sin portada
Mención de responsabilidad, etc. 1749
300 ## - DESCRIPCIÓN FÍSICA
Extensión [6], 416 p. (t.2)
Dimensiones 20.1 x 14.9 cm
500 ## - NOTA GENERAL
Nota general Estado físico: presenta encuadernación en pergamino, carece de portada y con cintas rotas
902 ## - CATALOGADOR
Iniciales CFM
942 ## - ELEMENTOS DE PUNTO DE ACCESO ADICIONAL (KOHA)
Fuente del sistema de clasificación o colocación Library of Congress Classification
Tipo de ítem Koha Libros
Holdings
Estado de retiro Estado de pérdida Estado dañado No para préstamo Localización permanente Ubicación/localización actual Fecha de adquisición Total de préstamos Signatura topográfica completa Código de barras Fecha visto por última vez Precio válido a partir de Tipo de ítem Koha
El ejemplar forma parte de la colección y puede ser consultado según las políticas vigentes.       Biblioteca del Museo Franz Mayer (Rogerio Casas-Alatriste) Biblioteca del Museo Franz Mayer (Rogerio Casas-Alatriste) 16/06/2017   CO59 .1749 CFM00219 22/03/2019 22/03/2019 Libros